[Event "Hamburg-ch Seniors 65+ op 26th"]
[Site "Hamburg"]
[Date "2019.11.19"]
[Round "9"]
[White "Villing, Dieter"]
[Black "Duemmke, Juergen"]
[Result "1-0"]
[WhiteElo "2031"]
[BlackElo "2010"]
[PlyCount "55"]
[EventDate "2019.11.11"]
[EventType "swiss"]
[EventRounds "9"]
[EventCountry "GER"]
[SourceTitle "EXT 2022"]
[Source "ChessBase"]
[SourceDate "2021.10.06"]
[SourceVersion "1"]
[SourceVersionDate "2021.10.06"]
[SourceQuality "1"]

1. d4 c5 2. d5 e6 3. c4 Nf6 4. Nc3 exd5 5. cxd5 d6 6. e4 a6 7. f4 b5 8. e5 b4 9. exf6 bxc3 10. Qe2+ Kd7 11. Qg4+ Kc7 12. fxg7 Rg8 13. gxf8Q Qxf8 14. Qd1 Qg7 15. bxc3 Qxc3+ 16. Bd2 Re8+ 17. Ne2 Qf6 18. Ba5+ Kd7 19. Qa4+ Ke7 20. Bc3 Qf5 21. 0-0-0 Bd7 22. Ng3 Qg4 23. Qe4+ Kd8 24. Qf3 Qg8 25. Bd3 Bg4 26. Ba5+ Kc8 27. Qxg4+ Qxg4 28. Bf5+ 1-0

[Event "Hamburg-ch Seniors 65+ op 26th"]
[Site "Hamburg"]
[Date "2019.11.13"]
[Round "3"]
[White "Villing, Dieter"]
[Black "Neldner, Frank"]
[Result "1-0"]
[WhiteElo "2031"]
[BlackElo "1510"]
[PlyCount "71"]
[EventDate "2019.11.11"]
[EventType "swiss"]
[EventRounds "9"]
[EventCountry "GER"]
[SourceTitle "EXT 2022"]
[Source "ChessBase"]
[SourceDate "2021.10.06"]
[SourceVersion "1"]
[SourceVersionDate "2021.10.06"]
[SourceQuality "1"]

1. e4 e5 2. Nf3 Nc6 3. Nc3 Nf6 4. d4 exd4 5. Nxd4 Nxd4 6. Qxd4 d6 7. Bf4 Be7 8. 0-0-0 0-0 9. Bc4 a6 10. Rhe1 b5 11. Bb3 c5 12. Qe3 c4 13. e5 Ne8 14. exd6 Bxd6 15. Bxd6 Nxd6 16. Ne4 Nf5 17. Rxd8 Nxe3 18. Rxf8+ Kxf8 19. Rxe3 cxb3 20. axb3 Bb7 21. f3 Re8 22. Kd2 Bxe4 23. Rxe4 Rxe4 24. fxe4 Ke7 25. Kd3 Kd6 26. Kd4 f6 27. b4 g6 28. g4 Kc6 29. b3 Kd6 30. c4 bxc4 31. bxc4 h6 32. h4 g5 33. hxg5 hxg5 34. b5 a5 35. c5+ Kc7 36. Kc4 1-0

[Event "GER-ch Seniors 65 31st"]
[Site "Radebeul"]
[Date "2019.04.28"]
[Round "3"]
[White "Tuertmann, Dieter"]
[Black "Villing, Dieter"]
[Result "1-0"]
[WhiteElo "1947"]
[BlackElo "2100"]
[PlyCount "73"]
[EventDate "2019.04.26"]
[EventType "swiss"]
[EventRounds "9"]
[EventCountry "GER"]
[SourceTitle "CBM 190 Extra"]
[Source "ChessBase"]
[SourceDate "2019.07.15"]
[SourceVersion "1"]
[SourceVersionDate "2019.07.15"]
[SourceQuality "1"]

1. b3 b6 2. Bb2 Bb7 3. e3 e6 4. Nf3 f5 5. Be2 Nf6 6. 0-0 Nc6 7. d3 Bd6 8. Nbd2 0-0 9. a3 e5 10. h4 Qe7 11. Re1 Rae8 12. Nc4 e4 13. Nxd6 cxd6 14. Nd2 Ne5 15. d4 Ng6 16. g3 f4 17. gxf4 Nxf4 18. Bf1 Ne6 19. Bg2 Qf7 20. c4 Nh5 21. Rf1 Ng5 22. d5 Nf3+ 23. Bxf3 exf3 24. Kh2 Qf5 25. Rg1 Re5 26. Nf1 Rf6 27. Ng3 Nxg3 28. Rxg3 Rg6 29. Bxe5 Qxe5 30. Qd4 Rxg3 31. fxg3 Qf5 32. e4 Qh5 33. Kg1 g5 34. Kf2 Qf7 35. Qe3 Qf6 36. g4 Ba6 37. Kg3 1-0

[Event "GER-ch Seniors 65 31st"]
[Site "Radebeul"]
[Date "2019.04.27"]
[Round "2"]
[White "Villing, Dieter"]
[Black "Wolter, Guenter"]
[Result "1-0"]
[WhiteElo "2100"]
[BlackElo "1849"]
[PlyCount "49"]
[EventDate "2019.04.26"]
[EventType "swiss"]
[EventRounds "9"]
[EventCountry "GER"]
[SourceTitle "CBM 190 Extra"]
[Source "ChessBase"]
[SourceDate "2019.07.15"]
[SourceVersion "1"]
[SourceVersionDate "2019.07.15"]
[SourceQuality "1"]

1. e4 d5 2. exd5 Nf6 3. d4 Nxd5 4. Nf3 Bg4 5. c4 Nb6 6. c5 Nd5 7. Qb3 b6 8. Ne5 Be6 9. Bb5+ c6 10. Nxc6 Nxc6 11. Bxc6+ Bd7 12. Qxd5 Rc8 13. Bxd7+ Qxd7 14. Qxd7+ Kxd7 15. Be3 g6 16. Nc3 Bg7 17. Ke2 bxc5 18. dxc5 Bxc3 19. bxc3 e6 20. Rhd1+ Ke7 21. Rab1 Rb8 22. Bf4 Rbc8 23. Bg5+ Ke8 24. Bf6 Rf8 25. Rb7 1-0

[Event "Erfurt Seniors op 28th"]
[Site "Erfurt"]
[Date "2018.12.30"]
[Round "5"]
[White "Villing, Dieter"]
[Black "Werner, Bernd Michael"]
[Result "0-1"]
[WhiteElo "2123"]
[BlackElo "2095"]
[PlyCount "63"]
[EventDate "2018.12.26"]
[EventType "swiss"]
[EventRounds "5"]
[EventCountry "GER"]
[SourceTitle "EXT 2021"]
[Source "ChessBase"]
[SourceDate "2020.10.23"]
[SourceVersion "1"]
[SourceVersionDate "2020.10.23"]
[SourceQuality "1"]

1. d4 Nf6 2. Nc3 g6 3. e4 d6 4. f4 Bg7 5. Nf3 c6 6. e5 Nd5 7. Bc4 Nxc3 8. bxc3 0-0 9. 0-0 b5 10. Bd3 Bb7 11. Ng5 h6 12. Ne4 Qc7 13. f5 dxe5 14. f6 exf6 15. Nxf6+ Bxf6 16. Rxf6 Qe7 17. Rf1 exd4 18. cxd4 Rd8 19. c3 h5 20. Qb3 Kg7 21. Bd2 Bc8 22. Rae1 Qc7 23. Qc2 Nd7 24. Qc1 Re8 25. Bg5 Qd6 26. Bh6+ Kg8 27. Bf4 Qf8 28. Qc2 Qg7 29. Qd2 Kh7 30. h3 a6 31. Qf2 Kg8 32. Qg3 0-1

[Event "Erfurt Seniors op 28th"]
[Site "Erfurt"]
[Date "2018.12.29"]
[Round "4"]
[White "Villing, Dieter"]
[Black "Haase, Reinhard"]
[Result "1/2-1/2"]
[WhiteElo "2123"]
[BlackElo "2104"]
[PlyCount "39"]
[EventDate "2018.12.26"]
[EventType "swiss"]
[EventRounds "5"]
[EventCountry "GER"]
[SourceTitle "EXT 2021"]
[Source "ChessBase"]
[SourceDate "2020.10.23"]
[SourceVersion "1"]
[SourceVersionDate "2020.10.23"]
[SourceQuality "1"]

1. d4 d5 2. Nc3 Bf5 3. f3 e6 4. e4 Bg6 5. exd5 exd5 6. Qe2+ Ne7 7. Bf4 c6 8. 0-0-0 Na6 9. Nh3 Nc7 10. Nf2 Ne6 11. Be5 Qd7 12. Re1 Nf5 13. g4 Nd6 14. f4 Be4 15. Nfxe4 Nxe4 16. Nxe4 dxe4 17. Qxe4 0-0-0 18. c3 Nc7 19. Bxc7 Kxc7 20. h3 1/2-1/2

[Event "MVP-ch Seniors op 18th"]
[Site "Ostseebad Binz"]
[Date "2018.12.06"]
[Round "9"]
[White "Villing, Dieter"]
[Black "Pawlick, Helmut"]
[Result "1-0"]
[WhiteElo "2123"]
[BlackElo "1953"]
[PlyCount "84"]
[EventDate "2018.11.28"]
[EventType "swiss"]
[EventRounds "9"]
[EventCountry "GER"]
[SourceTitle "CBM 188 Extra"]
[Source "ChessBase"]
[SourceDate "2019.02.26"]
[SourceVersion "1"]
[SourceVersionDate "2019.02.26"]
[SourceQuality "1"]

1. e4 c5 2. Nf3 Nc6 3. d4 cxd4 4. Nxd4 Nf6 5. Nc3 e5 6. Ndb5 d6 7. Nd5 Nxd5 8. exd5 Ne7 9. Bg5 a6 10. Nc3 f6 11. Be3 Nf5 12. Bd3 g6 13. Qf3 Bg7 14. h4 Nxe3 15. Qxe3 f5 16. h5 f4 17. Qe2 Bf5 18. Bxf5 gxf5 19. h6 Bf6 20. Qh5+ Ke7 21. Qxf5 Qd7 22. Qxd7+ Kxd7 23. Ne4 Be7 24. c4 Rhg8 25. Kf1 b5 26. b3 Rg6 27. Rc1 bxc4 28. Rxc4 Rc8 29. Rh3 Rxc4 30. bxc4 Kc7 31. a4 Bf8 32. Rb3 Rg8 33. a5 Be7 34. Rb6 Rb8 35. Rxa6 Rb1+ 36. Ke2 Kb7 37. Rc6 Ra1 38. Nxd6+ Bxd6 39. Rxd6 e4 40. Re6 Ra2+ 41. Ke1 Ra1+ 42. Kd2 Ra2+ 1-0

[Event "MVP-ch Seniors op 18th"]
[Site "Ostseebad Binz"]
[Date "2018.12.04"]
[Round "7"]
[White "Villing, Dieter"]
[Black "Valet, Richard"]
[Result "1/2-1/2"]
[WhiteElo "2123"]
[BlackElo "2039"]
[PlyCount "66"]
[EventDate "2018.11.28"]
[EventType "swiss"]
[EventRounds "9"]
[EventCountry "GER"]
[SourceTitle "CBM 188 Extra"]
[Source "ChessBase"]
[SourceDate "2019.02.26"]
[SourceVersion "1"]
[SourceVersionDate "2019.02.26"]
[SourceQuality "1"]

1. e4 c5 2. Nc3 Nc6 3. f4 g6 4. Nf3 Bg7 5. Bb5 Nd4 6. 0-0 a6 7. Bd3 e6 8. b3 Ne7 9. Bb2 Nec6 10. Kh1 0-0 11. Qe1 d5 12. Qg3 Nxf3 13. gxf3 d4 14. Ne2 Nb4 15. Nc1 b6 16. a3 Nxd3 17. Nxd3 f5 18. Rae1 Ra7 19. Ne5 Bxe5 20. fxe5 Rg7 21. d3 g5 22. Rg1 f4 23. Qf2 h5 24. h3 Kf7 25. Kg2 g4 26. hxg4 hxg4 27. fxg4 Rxg4+ 28. Kf3 Rg3+ 29. Rxg3 fxg3 30. Qxg3 Ke7+ 31. Ke2 Rg8 32. Qh4+ Kd7 33. Qxd8+ Kxd8 1/2-1/2

[Event "MVP-ch Seniors op 18th"]
[Site "Ostseebad Binz"]
[Date "2018.12.03"]
[Round "6"]
[White "Nuenchert, Eveline"]
[Black "Villing, Dieter"]
[Result "1/2-1/2"]
[WhiteElo "1998"]
[BlackElo "2123"]
[PlyCount "53"]
[EventDate "2018.11.28"]
[EventType "swiss"]
[EventRounds "9"]
[EventCountry "GER"]
[SourceTitle "CBM 188 Extra"]
[Source "ChessBase"]
[SourceDate "2019.02.26"]
[SourceVersion "1"]
[SourceVersionDate "2019.02.26"]
[SourceQuality "1"]

1. e4 d6 2. d4 Nf6 3. Nc3 c6 4. f4 Qa5 5. Bd3 e5 6. Nf3 Bg4 7. dxe5 dxe5 8. fxe5 Nfd7 9. e6 fxe6 10. Be3 Bc5 11. Qd2 Bxe3 12. Qxe3 Qb6 13. Qxb6 axb6 14. 0-0 Na6 15. h3 Bh5 16. Ng5 Nac5 17. b4 Nxd3 18. Nxe6 Nxb4 19. Nxg7+ Ke7 20. Nxh5 Nxc2 21. Rab1 Ra3 22. Rf3 Ra5 23. Ng3 Ne5 24. Nf5+ Ke6 25. Rg3 h5 26. Rd1 Nc4 27. Ng7+ 1/2-1/2

[Event "Oberursel Anderssen Memorial 1st"]
[Site "Oberursel"]
[Date "2018.09.02"]
[Round "2"]
[White "Lebermann, Hellmuth"]
[Black "Villing, Dieter"]
[Result "1-0"]
[WhiteElo "1905"]
[BlackElo "2150"]
[PlyCount "93"]
[EventDate "2018.09.01"]
[EventType "swiss"]
[EventRounds "7"]
[EventCountry "GER"]
[SourceTitle "CBM 186 Extra"]
[Source "ChessBase"]
[SourceDate "2018.08.24"]
[SourceVersion "1"]
[SourceVersionDate "2018.08.24"]
[SourceQuality "1"]

1. e4 c5 2. Nf3 Nc6 3. c3 d6 4. d4 cxd4 5. cxd4 Nf6 6. Nc3 e6 7. Bd3 Be7 8. 0-0 a6 9. b3 b5 10. Bb2 b4 11. Ne2 d5 12. e5 Ne4 13. Qc2 Bb7 14. Bxe4 dxe4 15. Qxe4 Qd7 16. Qg4 h5 17. Qf4 0-0-0 18. Rac1 Kb8 19. h4 Qd5 20. Qg3 g5 21. Nxg5 Bxg5 22. hxg5 Ne7 23. Nf4 Qd7 24. Rc4 Nf5 25. Qd3 Qe7 26. Nh3 Nh4 27. f3 Rd5 28. Qd2 Rhd8 29. Qxb4 Qd7 30. Rfc1 Nf5 31. Rc7 Qxc7 32. Rxc7 Kxc7 33. Nf4 R5d7 34. g6 Nxd4 35. Bxd4 Rxd4 36. Qc5+ Kb8 37. Qe7 fxg6 38. Nxe6 Rd1+ 39. Kh2 R8d2 40. Qc7+ Ka8 41. Nc5 Bxf3 42. Qc8+ Ka7 43. Qxa6+ Kb8 44. Kg3 Bd5 45. Kf4 Rxg2 46. e6 Rf2+ 47. Kg5 1-0

[Event "GER-ch Seniors 65"]
[Site "Hamburg"]
[Date "2018.07.29"]
[Round "9"]
[White "Villing, Dieter"]
[Black "Mann, Klaus Dieter"]
[Result "1-0"]
[WhiteElo "2113"]
[BlackElo "2008"]
[PlyCount "97"]
[EventDate "2018.07.21"]
[EventType "swiss"]
[EventRounds "9"]
[EventCountry "GER"]
[SourceTitle "CBM 186 Extra"]
[Source "ChessBase"]
[SourceDate "2018.08.24"]
[SourceVersion "1"]
[SourceVersionDate "2018.08.24"]
[SourceQuality "1"]

1. d4 Nf6 2. Nc3 d5 3. Bg5 Nbd7 4. f3 c6 5. e4 dxe4 6. fxe4 Qa5 7. Bd2 Qd8 8. Nf3 Nb6 9. Bd3 Bg4 10. Be3 e6 11. 0-0 Be7 12. Qe1 Bh5 13. h3 Bxf3 14. Rxf3 0-0 15. Qf2 Qd7 16. Rf1 Bd8 17. g4 Ne8 18. e5 g6 19. Bh6 Ng7 20. Ne4 Nd5 21. c4 Nb4 22. Bb1 a5 23. a3 Na6 24. Nf6+ Bxf6 25. exf6 Ne8 26. Rd3 Nec7 27. Bxf8 Rxf8 28. Qh4 Kh8 29. Rf4 Qd6 30. Rdf3 e5 31. Re4 Ne6 32. dxe5 Qd2 33. Qf2 Qc1+ 34. Re1 Qg5 35. Bd3 a4 36. Qe3 Nac5 37. Qxg5 Nxg5 38. Rfe3 Nge6 39. Bf1 Rd8 40. Kg2 h6 41. Kf2 Rd4 42. Kg3 Rxc4 43. Rd1 Rc2 44. h4 Kg8 45. h5 g5 46. Bg2 Rxb2 47. Rf3 Kf8 48. Rd7 Rb5 49. Rfd3 1-0

[Event "GER-ch Seniors 65"]
[Site "Hamburg"]
[Date "2018.07.28"]
[Round "8"]
[White "Kierzek, Matthias"]
[Black "Villing, Dieter"]
[Result "1-0"]
[WhiteElo "2247"]
[BlackElo "2113"]
[PlyCount "67"]
[EventDate "2018.07.21"]
[EventType "swiss"]
[EventRounds "9"]
[EventCountry "GER"]
[SourceTitle "CBM 186 Extra"]
[Source "ChessBase"]
[SourceDate "2018.08.24"]
[SourceVersion "1"]
[SourceVersionDate "2018.08.24"]
[SourceQuality "1"]

1. d4 d6 2. c4 e5 3. d5 f5 4. e4 Nf6 5. exf5 Bxf5 6. Nc3 Be7 7. Nge2 0-0 8. Ng3 Qd7 9. Bd3 e4 10. Ncxe4 Nxe4 11. Nxe4 Na6 12. 0-0 Nc5 13. Nxc5 dxc5 14. Be3 Rae8 15. Qc2 Bxd3 16. Qxd3 Bd6 17. Rae1 Re5 18. Bd2 Qe7 19. Bc3 Rxe1 20. Rxe1 Qf7 21. Re2 Re8 22. g3 Rxe2 23. Qxe2 h6 24. Qe4 b6 25. Kg2 Qe7 26. Qxe7 Bxe7 27. Be5 Bd8 28. Kf3 Kf7 29. Ke4 g6 30. h4 h5 31. Bf4 a6 32. Bg5 Bxg5 33. hxg5 Ke7 34. Ke5 1-0

[Event "Baden Wuerttemberg-ch Seniors op 4th"]
[Site "Freudenstadt"]
[Date "2018.06.18"]
[Round "4"]
[White "Villing, Dieter"]
[Black "Limberg, Siegfried"]
[Result "1/2-1/2"]
[WhiteElo "2117"]
[BlackElo "2034"]
[PlyCount "86"]
[EventDate "2018.06.15"]
[EventType "swiss"]
[EventRounds "9"]
[EventCountry "GER"]
[SourceTitle "EXT 2019"]
[Source "ChessBase"]
[SourceDate "2018.10.10"]
[SourceVersion "1"]
[SourceVersionDate "2018.10.10"]
[SourceQuality "1"]

1. e4 c6 2. d4 g6 3. Nc3 Bg7 4. Be3 d6 5. f4 Nh6 6. Nf3 Bg4 7. h3 Bxf3 8. Qxf3 f5 9. g4 e6 10. 0-0-0 d5 11. e5 b5 12. Kb1 Nd7 13. g5 Nf7 14. h4 Qa5 15. h5 0-0-0 16. Ne2 Qb6 17. Bd2 Kb8 18. Qa3 Bf8 19. Bb4 Bxb4 20. Qxb4 c5 21. dxc5 Qxc5 22. Qxc5 Nxc5 23. Nd4 Kb7 24. Bxb5 Kb6 25. Bd3 a5 26. Nb3 Ne4 27. hxg6 hxg6 28. Rxh8 Rxh8 29. Nd4 Nd8 30. a4 Rh4 31. Ne2 Nb7 32. Bb5 Rh2 33. Nd4 Nbc5 34. Be8 Rf2 35. Bxg6 Rxf4 36. c4 dxc4 37. Bf7 Nxg5 38. Bxe6 Nd3 39. Bxc4 Nxe5 40. Bb5 Ne4 41. Ne6 Rf2 42. Rd8 Nc6 43. Bxc6 Kxc6 1/2-1/2

[Event "Baden Wuerttemberg-ch Seniors op 4th"]
[Site "Freudenstadt"]
[Date "2018.06.17"]
[Round "3"]
[White "Kiefer, Gerhard"]
[Black "Villing, Dieter"]
[Result "1/2-1/2"]
[WhiteElo "2247"]
[BlackElo "2117"]
[PlyCount "24"]
[EventDate "2018.06.15"]
[EventType "swiss"]
[EventRounds "9"]
[EventCountry "GER"]
[SourceTitle "EXT 2019"]
[Source "ChessBase"]
[SourceDate "2018.10.10"]
[SourceVersion "1"]
[SourceVersionDate "2018.10.10"]
[SourceQuality "1"]

1. e4 d6 2. d4 Nf6 3. Nc3 c6 4. f4 Qa5 5. Bd3 e5 6. Nf3 Bg4 7. Be3 Be7 8. 0-0 0-0 9. h3 Bh5 10. Qe1 Bxf3 11. Rxf3 Nbd7 12. a3 Rfe8 1/2-1/2

[Event "Pfalz-ch Seniors 87th"]
[Site "Landau"]
[Date "2018.03.31"]
[Round "7"]
[White "Wahl, Gerhard"]
[Black "Villing, Dieter"]
[Result "0-1"]
[WhiteElo "1812"]
[BlackElo "2058"]
[PlyCount "94"]
[EventDate "2018.03.23"]
[EventType "swiss"]
[EventRounds "7"]
[EventCountry "GER"]
[SourceTitle "EXT 2019"]
[Source "ChessBase"]
[SourceDate "2018.10.10"]
[SourceVersion "1"]
[SourceVersionDate "2018.10.10"]
[SourceQuality "1"]

1. d4 d6 2. Nf3 Bg4 3. Nbd2 Nd7 4. h3 Bh5 5. c4 e5 6. Qa4 c6 7. e3 Ngf6 8. Be2 e4 9. Ng1 Bg6 10. h4 a6 11. b4 d5 12. Qb3 b5 13. c5 a5 14. bxa5 Qxa5 15. Nh3 Bh5 16. Bxh5 Nxh5 17. 0-0 Be7 18. Qd1 g6 19. g4 Ng7 20. f3 Bxh4 21. fxe4 Qc3 22. Qf3 0-0 23. Nb3 dxe4 24. Qxe4 Nf6 25. Qf3 Nd5 26. Bd2 Qc4 27. e4 Nc7 28. Rfc1 Qe6 29. Nf4 Qd7 30. Ng2 Be7 31. Bc3 Nge6 32. Ne3 Ng5 33. Qg2 Nce6 34. Rd1 Nf4 35. Qc2 Rae8 36. Rf1 Bd8 37. e5 Nd5 38. Nxd5 Qxd5 39. Qg2 Qxg2+ 40. Kxg2 f6 41. Rae1 fxe5 42. Rxf8+ Rxf8 43. dxe5 Ne6 44. Rd1 Nf4+ 45. Kh2 Nd5 46. Bd4 Bc7 47. Re1 Ra8 0-1

[Event "Pfalz-ch Seniors 87th"]
[Site "Landau"]
[Date "2018.03.30"]
[Round "6"]
[White "Villing, Dieter"]
[Black "Schaefer, Claus"]
[Result "1-0"]
[WhiteElo "2058"]
[BlackElo "1532"]
[PlyCount "37"]
[EventDate "2018.03.23"]
[EventType "swiss"]
[EventRounds "7"]
[EventCountry "GER"]
[SourceTitle "EXT 2019"]
[Source "ChessBase"]
[SourceDate "2018.10.10"]
[SourceVersion "1"]
[SourceVersionDate "2018.10.10"]
[SourceQuality "1"]

1. e4 e5 2. Bc4 Bc5 3. Nf3 Nc6 4. c3 Nf6 5. d4 exd4 6. cxd4 Bb4+ 7. Nc3 d5 8. exd5 Nxd5 9. 0-0 Nce7 10. Nxd5 Nxd5 11. Qb3 Be6 12. Bxd5 Qd6 13. Bxe6 fxe6 14. a3 Ba5 15. Qb5+ c6 16. Qxa5 0-0 17. Qe5 Rad8 18. Qxd6 Rxd6 19. Be3 1-0

[Event "Pfalz-ch Seniors 87th"]
[Site "Landau"]
[Date "2018.03.24"]
[Round "2"]
[White "Dickel, Gisbert"]
[Black "Villing, Dieter"]
[Result "0-1"]
[WhiteElo "1783"]
[BlackElo "2058"]
[PlyCount "48"]
[EventDate "2018.03.23"]
[EventType "swiss"]
[EventRounds "7"]
[EventCountry "GER"]
[SourceTitle "EXT 2019"]
[Source "ChessBase"]
[SourceDate "2018.10.10"]
[SourceVersion "1"]
[SourceVersionDate "2018.10.10"]
[SourceQuality "1"]

1. e4 e5 2. Nf3 Nc6 3. Bb5 Bc5 4. c3 f5 5. Bxc6 dxc6 6. Nxe5 Be6 7. Qh5+ g6 8. Nxg6 Nf6 9. Qh6 Rg8 10. Nh4 Bf8 11. Qe3 Rg4 12. f3 Rxh4 13. exf5 Kf7 14. Qf2 Bxf5 15. Qxh4 Qd3 16. Qd4 Re8+ 17. Qe3 Bc5 18. Qxe8+ Kxe8 19. b4 Bb6 20. Na3 Ne4 21. Rf1 Nxc3 22. dxc3 Qxc3+ 23. Kd1 Qd4+ 24. Ke1 Qxa1 0-1

[Event "Bad Woerishofen op 34th"]
[Site "Bad Woerishofen"]
[Date "2018.03.01"]
[Round "7"]
[White "Villing, Dieter"]
[Black "Kierzek, Matthias"]
[Result "0-1"]
[WhiteElo "2094"]
[BlackElo "2259"]
[PlyCount "114"]
[EventDate "2018.02.23"]
[EventType "swiss"]
[EventRounds "9"]
[EventCountry "GER"]
[SourceTitle "EXT 2019"]
[Source "ChessBase"]
[SourceDate "2018.10.10"]
[SourceVersion "1"]
[SourceVersionDate "2018.10.10"]
[SourceQuality "1"]

1. e4 c6 2. d4 d5 3. e5 Bf5 4. Nc3 e6 5. g4 Bg6 6. Nge2 c5 7. h4 h5 8. Nf4 Bh7 9. Nxh5 Nc6 10. dxc5 Bxc5 11. Bg2 Kf8 12. Bg5 Be7 13. Bxe7+ Qxe7 14. f4 Bg6 15. Qd2 Bxh5 16. gxh5 Rxh5 17. 0-0-0 Nh6 18. Bf3 Rxh4 19. Rxh4 Qxh4 20. Rh1 Qg3 21. Bg2 Rd8 22. Rh3 Qg4 23. Qf2 Nf5 24. Rh8+ Ke7 25. Rxd8 Kxd8 26. Ne2 Kc7 27. a3 Kb8 28. Kb1 Ncd4 29. Nxd4 Qd1+ 30. Ka2 Nxd4 31. f5 Ne2 32. Bf3 Nc1+ 33. Kb1 Nd3+ 34. Bxd1 Nxf2 35. Bh5 exf5 36. Bxf7 Kc7 37. Bxd5 b6 38. Kc1 Ng4 39. e6 Kd6 40. Bc4 Ne5 41. Bb3 Nc6 42. c3 Nd8 43. e7 Kxe7 44. Kd2 Kd6 45. Ke3 Ke5 46. Ba4 g5 47. b4 g4 48. Bd7 f4+ 49. Kf2 g3+ 50. Kg2 Kd5 51. Bb5 Nf7 52. a4 Nd6 53. Ba6 Ke4 54. Be2 Nf5 55. Ba6 f3+ 56. Kh3 g2 57. Kh2 Ng3 0-1

[Event "Schleswig Holstein-ch Seniors op 11th"]
[Site "Buesum"]
[Date "2017.09.12"]
[Round "5"]
[White "Ackermann, Hans Werner"]
[Black "Villing, Dieter"]
[Result "1-0"]
[WhiteElo "2295"]
[BlackElo "2040"]
[PlyCount "93"]
[EventDate "2017.09.08"]
[EventType "swiss"]
[EventRounds "9"]
[EventCountry "GER"]
[SourceTitle "EXT 2019"]
[Source "ChessBase"]
[SourceDate "2018.10.10"]
[SourceVersion "1"]
[SourceVersionDate "2018.10.10"]
[SourceQuality "1"]

1. Nf3 d6 2. d4 Bg4 3. c4 Nd7 4. Nc3 c6 5. e4 e5 6. Be2 Ngf6 7. 0-0 Be7 8. Be3 0-0 9. d5 cxd5 10. cxd5 a6 11. a4 Qb8 12. Nd2 Bxe2 13. Qxe2 Rc8 14. Rfc1 b6 15. f3 Qb7 16. Na2 Rxc1+ 17. Rxc1 Rc8 18. Rxc8+ Qxc8 19. Qc4 Qxc4 20. Nxc4 b5 21. axb5 axb5 22. Na3 Ne8 23. Nxb5 Bd8 24. Kf1 Bb6 25. Bd2 Kf8 26. b4 Ke7 27. Nac3 Kd8 28. Ke2 Kc8 29. Na4 Kb7 30. Kd3 h5 31. Na3 Nc7 32. Nc4 Nb5 33. Nc3 Nxc3 34. Bxc3 Bc7 35. Bd2 Ka6 36. Kc3 g6 37. Kb3 Kb5 38. Be3 f6 39. Bf2 g5 40. h4 Nf8 41. hxg5 fxg5 42. Be3 g4 43. fxg4 hxg4 44. Bg5 Ng6 45. g3 Bb8 46. Ne3 Ba7 47. Nf5 1-0

[Event "GER-chA Seniors 29th"]
[Site "Berlin"]
[Date "2017.08.08"]
[Round "1"]
[White "Meister, Jakob"]
[Black "Villing, Dieter"]
[Result "1-0"]
[WhiteElo "2437"]
[BlackElo "2007"]
[PlyCount "89"]
[EventDate "2017.08.07"]
[EventType "swiss"]
[EventRounds "9"]
[EventCountry "GER"]
[SourceTitle "EXT 2019"]
[Source "ChessBase"]
[SourceDate "2018.10.10"]
[SourceVersion "1"]
[SourceVersionDate "2018.10.10"]
[SourceQuality "1"]

1. e4 c5 2. Nc3 Nc6 3. f4 g6 4. Nf3 Bg7 5. Bc4 e6 6. f5 Nd4 7. 0-0 a6 8. d3 b5 9. Bb3 Bb7 10. Nxd4 Bxd4+ 11. Kh1 gxf5 12. exf5 Nf6 13. Ne4 Nxe4 14. dxe4 Bxe4 15. fxe6 dxe6 16. Qe2 Bd5 17. c3 c4 18. Bc2 Bf6 19. Bf4 Rg8 20. Bg3 Qe7 21. Bxh7 Rh8 22. Be4 0-0-0 23. Rad1 Bh4 24. Be5 f6 25. Bf4 Bb7 26. Bxb7+ Kxb7 27. Qe4+ Ka7 28. Rxd8 Qxd8 29. Qxe6 Re8 30. Qg4 Qd3 31. Rd1 Qxd1+ 32. Qxd1 Re1+ 33. Qxe1 Bxe1 34. g3 a5 35. a3 b4 36. axb4 axb4 37. cxb4 Bxb4 38. Kg2 Kb6 39. Kf3 Kb5 40. Ke4 Ka4 41. h4 Kb3 42. Kd5 f5 43. h5 Be7 44. Be5 Bg5 45. Ke6 1-0

[Event "Rheinland Pfalz op Seniors 15th"]
[Site "Neustadt an der Weinstrasse"]
[Date "2017.07.21"]
[Round "7"]
[White "Villing, Dieter"]
[Black "Schneider, Alexander"]
[Result "0-1"]
[WhiteElo "2032"]
[BlackElo "2042"]
[PlyCount "58"]
[EventDate "2017.07.15"]
[EventType "swiss"]
[EventRounds "9"]
[EventCountry "GER"]
[SourceTitle "EXT 2018"]
[Source "ChessBase"]
[SourceDate "2017.10.13"]
[SourceVersion "1"]
[SourceVersionDate "2017.10.13"]
[SourceQuality "1"]

1. e4 c6 2. d4 d5 3. e5 Bf5 4. Nc3 e6 5. g4 Bg6 6. Nge2 h6 7. h4 Be7 8. Nf4 Bh7 9. h5 Nd7 10. Be3 Qb6 11. Rb1 c5 12. Bb5 0-0-0 13. 0-0 Nxe5 14. dxe5 d4 15. Bd2 dxc3 16. bxc3 Qc7 17. Qe2 Bg5 18. Be3 Qxe5 19. Qc4 b6 20. Rfd1 Bxc2 21. Rxd8+ Kxd8 22. Rc1 Qe4 23. Qe2 Bxf4 24. Rxc2 Bxe3 25. fxe3 Nf6 26. Rd2+ Ke7 27. c4 Rd8 28. Rxd8 Kxd8 29. Kf1 Qh1+ 0-1